[Event "World Chess Olympiad 2018"]
[Site "Batumi"]
[Date "2018.10.01"]
[Round "7"]
[Board "4"]
[WhiteFideId "11001364"]
[White "Elisha Thabo"]
[BlackFideId "12200174"]
[Black "Khalid El Amin"]
[Result "1-0"]
[LiveChessVersion "1.4.8"]
[BlackElo "2054"]
[WhiteElo "2024"]

1. e4 {[%clk 1:30:58]} d6 {[%clk 1:30:22]} 2. Nf3 {[%clk 1:31:14]} Nf6
{[%clk 1:29:23]} 3. Nc3 {[%clk 1:31:38]} e5 {[%clk 1:29:17]} 4. Bc4
{[%clk 1:31:17]} Be7 {[%clk 1:29:28]} 5. d4 {[%clk 1:31:04]} Nbd7
{[%clk 1:28:57]} 6. O-O {[%clk 1:31:21]} O-O {[%clk 1:29:21]} 7. Qe2
{[%clk 1:30:35]} c6 {[%clk 1:29:08]} 8. Rd1 {[%clk 1:29:48]} Qc7 {[%clk 1:28:07]}
9. a4 {[%clk 1:30:17]} b6 10. d5 {[%clk 1:23:46]} cxd5 {[%clk 1:20:41]} 11. Bxd5
{[%clk 1:23:47]} Nxd5 {[%clk 1:16:46]} 12. Nxd5 {[%clk 1:23:41]} Qd8
{[%clk 1:17:14]} 13. b3 {[%clk 1:17:35]} Bb7 {[%clk 1:03:38]} 14. Ba3
{[%clk 1:17:45]} Bxd5 {[%clk 1:02:10]} 15. Rxd5 {[%clk 1:17:45]} Qc7
{[%clk 1:01:07]} 16. Rad1 {[%clk 1:17:20]} Nf6 {[%clk 0:53:09]} 17. Bxd6
{[%clk 1:13:27]} Bxd6 {[%clk 0:53:24]} 18. Rxd6 {[%clk 1:13:56]} Rfe8
{[%clk 0:52:29]} 19. Qd3 {[%clk 1:10:20]} Rac8 {[%clk 0:46:57]} 20. c4
{[%clk 1:09:21]} Qc5 21. Nh4 {[%clk 1:08:34]} Rc6 {[%clk 0:32:07]} 22. Rd8
{[%clk 1:05:15]} Rce6 {[%clk 0:30:55]} 23. Nf5 {[%clk 1:04:43]} g6
{[%clk 0:28:05]} 24. Ne3 {[%clk 1:03:29]} Kg7 {[%clk 0:28:05]} 25. Rxe8
{[%clk 1:01:22]} Rxe8 {[%clk 0:28:23]} 26. Nd5 {[%clk 0:45:11]} Nd7
{[%clk 0:20:39]} 27. Nc7 {[%clk 0:21:56]} Re7 {[%clk 0:18:46]} 28. Nd5
{[%clk 0:15:37]} Re6 {[%clk 0:18:26]} 29. Nc7 {[%clk 0:15:09]} Re7
{[%clk 0:18:29]} 30. Na6 {[%clk 0:11:03]} Qa3 {[%clk 0:11:46]} 31. Qc3
{[%clk 0:07:54]} f6 {[%clk 0:09:49]} 32. h4 {[%clk 0:07:00]} h5 {[%clk 0:09:52]}
33. Rd3 {[%clk 0:07:21]} Nf8 {[%clk 0:09:19]} 34. Nb4 {[%clk 0:07:12]} Ne6
{[%clk 0:08:12]} 35. Nc6 {[%clk 0:04:14]} Rc7 {[%clk 0:07:56]} 36. Nxe5
{[%clk 0:04:05]} Nf4 37. Re3 {[%clk 0:02:56]} Qa2 {[%clk 0:03:58]} 38. Kf1
{[%clk 0:01:35]} Re7 {[%clk 0:02:55]} 39. Nf3 {[%clk 0:01:13]} Qb1+
{[%clk 0:31:32]} 40. Re1 {[%clk 0:30:39]} Qd3+ {[%clk 0:31:56]} 41. Qxd3
{[%clk 0:30:52]} Nxd3 {[%clk 0:32:25]} 42. Re3 {[%clk 0:29:49]} Nc5
{[%clk 0:32:33]} 43. Nd2 {[%clk 0:30:06]} a5 {[%clk 0:31:59]} 44. Ke2
{[%clk 0:29:20]} Kf7 {[%clk 0:32:18]} 45. g3 {[%clk 0:28:59]} Ke6
{[%clk 0:32:08]} 46. f4 {[%clk 0:29:06]} Kd6 {[%clk 0:32:25]} 47. Kf3
{[%clk 0:28:38]} Ne6 {[%clk 0:32:14]} 48. Rd3+ {[%clk 0:28:40]} Kc5
{[%clk 0:31:32]} 49. Ke3 {[%clk 0:26:49]} Kc6 {[%clk 0:30:50]} 50. Rd5
{[%clk 0:25:21]} Rg7 {[%clk 0:27:10]} 51. Nf3 {[%clk 0:24:42]} Nc5
{[%clk 0:25:01]} 52. Nd4+ {[%clk 0:25:04]} Kb7 {[%clk 0:25:07]} 53. e5
{[%clk 0:24:32]} Re7 {[%clk 0:23:51]} 54. Kf3 {[%clk 0:21:04]} fxe5
{[%clk 0:22:48]} 55. fxe5 {[%clk 0:20:41]} Nd3 {[%clk 0:22:41]} 56. e6
{[%clk 0:19:59]} Nc5 {[%clk 0:22:22]} 57. Re5 {[%clk 0:07:54]} Kc7
{[%clk 0:21:23]} 58. Re3 {[%clk 0:04:43]} Kd6 {[%clk 0:20:44]} 59. Nb5+
{[%clk 0:05:02]} Kc6 {[%clk 0:20:59]} 60. Nd4+ {[%clk 0:05:31]} Kd6
{[%clk 0:21:03]} 61. Kf4 {[%clk 0:05:59]} Nxe6+ {[%clk 0:19:46]} 62. Nxe6
{[%clk 0:05:31]} Rxe6 {[%clk 0:20:13]} 63. Rxe6+ {[%clk 0:05:40]} Kxe6
{[%clk 0:20:41]} 64. Ke4 {[%clk 0:03:59]} Kd6 {[%clk 0:19:24]} 65. Kd4
{[%clk 0:03:15]} Kc6 {[%clk 0:19:12]} 66. c5 {[%clk 0:03:14]} bxc5+ 67. Kc4 Kd6
{[%clk 0:16:51]} 68. Kb5 {[%clk 0:04:13]} Kd5 {[%clk 0:17:14]} 69. Kxa5
{[%clk 0:03:44]} Kd4 {[%clk 0:17:35]} 1-0

[Event "World Chess Olympiad 2018"]
[Site "Batumi"]
[Date "2018.10.01"]
[Round "7"]
[Board "1"]
[WhiteFideId "11101644"]
[White "Husbands Orlando"]
[BlackFideId "10100792"]
[Black "Miguel Sergio"]
[Result "0-1"]
[LiveChessVersion "1.4.8"]
[BlackElo "2285"]
[WhiteElo "2262"]

1. e4 {[%clk 1:30:58]} e5 {[%clk 1:30:48]} 2. Nf3 {[%clk 1:31:25]} Nc6
{[%clk 1:31:11]} 3. Bc4 {[%clk 1:31:46]} Nf6 {[%clk 1:31:22]} 4. d4
{[%clk 1:30:31]} exd4 {[%clk 1:31:34]} 5. e5 {[%clk 1:30:50]} d5 {[%clk 1:31:54]}
6. Bb5 {[%clk 1:31:18]} Ne4 {[%clk 1:32:11]} 7. Nxd4 {[%clk 1:31:45]} Bd7
{[%clk 1:32:18]} 8. Bxc6 {[%clk 1:32:12]} bxc6 {[%clk 1:32:33]} 9. O-O
{[%clk 1:32:39]} Bc5 {[%clk 1:32:28]} 10. f3 {[%clk 1:32:59]} Ng5
{[%clk 1:32:06]} 11. f4 {[%clk 1:33:28]} Ne4 {[%clk 1:31:50]} 12. Be3
{[%clk 1:33:56]} O-O {[%clk 1:31:40]} 13. Nd2 {[%clk 1:34:24]} Qe7
{[%clk 1:29:19]} 14. Nxe4 {[%clk 1:27:48]} dxe4 {[%clk 1:29:40]} 15. Qd2
{[%clk 1:26:36]} f6 {[%clk 1:20:43]} 16. Nb3 {[%clk 1:13:04]} Bb6
{[%clk 1:20:40]} 17. Rae1 {[%clk 1:13:21]} Be6 {[%clk 1:14:23]} 18. Qc3
{[%clk 1:05:10]} Bd5 {[%clk 1:10:50]} 19. Nc5 {[%clk 0:58:04]} fxe5
{[%clk 1:05:03]} 20. fxe5 {[%clk 0:58:11]} Rxf1+ {[%clk 1:05:00]} 21. Rxf1
{[%clk 0:58:39]} Re8 {[%clk 1:04:31]} 22. a4 {[%clk 0:46:02]} a5 {[%clk 0:58:44]}
23. b3 {[%clk 0:38:27]} h6 {[%clk 0:58:37]} 24. Rf5 {[%clk 0:34:23]} Qh4
{[%clk 0:56:16]} 25. Qd2 {[%clk 0:27:55]} Qg4 {[%clk 0:54:58]} 26. Rf4
{[%clk 0:26:32]} Qh5 {[%clk 0:54:16]} 27. c4 {[%clk 0:22:18]} Bf7
{[%clk 0:53:54]} 28. Nxe4 {[%clk 0:12:56]} Bxe3+ {[%clk 0:52:54]} 29. Qxe3
{[%clk 0:11:25]} Qxe5 {[%clk 0:53:12]} 30. Qg3 {[%clk 0:02:28]} Qd4+
{[%clk 0:48:24]} 31. Qf2 {[%clk 0:01:59]} Qd1+ {[%clk 0:48:46]} 32. Qf1
{[%clk 0:02:16]} Qxb3 {[%clk 0:49:01]} 33. Rxf7 {[%clk 0:00:47]} Qe3+
{[%clk 0:49:29]} 34. Kh1 {[%clk 0:00:32]} Qxe4 {[%clk 0:49:43]} 35. h3
{[%clk 0:00:34]} Re5 {[%clk 0:41:31]} 36. Qf4 {[%clk 0:00:31]} Qxf4
{[%clk 0:40:40]} 37. Rxf4 {[%clk 0:01:00]} Re1+ {[%clk 0:40:48]} 38. Kh2
{[%clk 0:01:29]} Ra1 {[%clk 0:41:00]} 39. c5 {[%clk 0:01:50]} Rc1
{[%clk 0:41:23]} 40. Rd4 {[%clk 0:31:48]} Kf7 {[%clk 1:11:02]} 41. Rd7+
{[%clk 0:30:44]} Kf6 {[%clk 1:11:30]} 42. Rxc7 {[%clk 0:30:03]} Rxc5
{[%clk 1:11:58]} 43. Ra7 {[%clk 0:28:54]} h5 {[%clk 1:09:50]} 44. h4
{[%clk 0:27:49]} g5 {[%clk 1:08:48]} 45. hxg5+ {[%clk 0:26:04]} Rxg5
{[%clk 1:08:36]} 46. Ra6 {[%clk 0:25:03]} Rc5 {[%clk 1:08:55]} 47. Ra8
{[%clk 0:23:06]} Ke5 {[%clk 1:07:46]} 48. Kg3 {[%clk 0:18:40]} Kd4
{[%clk 1:07:26]} 49. Kf3 {[%clk 0:18:40]} Kc3 {[%clk 1:07:02]} 50. Rb8
{[%clk 0:18:47]} Rc4 {[%clk 1:06:24]} 51. Rb6 {[%clk 0:19:03]} Rxa4
{[%clk 1:04:02]} 52. Rxc6+ {[%clk 0:19:31]} Rc4 {[%clk 1:04:17]} 53. Ra6
{[%clk 0:17:13]} a4 {[%clk 1:04:13]} 54. Ke3 {[%clk 0:16:09]} Kb3
{[%clk 1:00:45]} 55. Kd3 {[%clk 0:09:43]} Rb4 {[%clk 1:00:55]} 56. Ra8
{[%clk 0:05:54]} a3 {[%clk 0:59:36]} 57. Ra7 {[%clk 0:05:31]} a2 {[%clk 0:58:44]}
58. Ra8 {[%clk 0:02:34]} Kb2 {[%clk 0:57:28]} 0-1

[Event "World Chess Olympiad 2018"]
[Site "Batumi"]
[Date "2018.10.01"]
[Round "7"]
[Board "2"]
[WhiteFideId "10100091"]
[White "Soares Erikson Roberto Mauricio"]
[BlackFideId "11100400"]
[Black "Del Castilho Martyn"]
[Result "1/2-1/2"]
[LiveChessVersion "1.4.8"]
[BlackElo "2250"]
[WhiteElo "2283"]

1. Nf3 {[%clk 1:30:57]} d5 {[%clk 1:30:53]} 2. g3 {[%clk 1:31:21]} Bg4
{[%clk 1:31:12]} 3. Bg2 {[%clk 1:29:44]} Nd7 {[%clk 1:31:08]} 4. d4
{[%clk 1:30:06]} e6 {[%clk 1:30:35]} 5. O-O {[%clk 1:30:00]} Ngf6
{[%clk 1:30:49]} 6. c4 {[%clk 1:30:12]} c6 {[%clk 1:30:37]} 7. Ne5
{[%clk 1:28:50]} Bf5 {[%clk 1:30:47]} 8. Nc3 {[%clk 1:28:55]} Be7
{[%clk 1:30:41]} 9. f4 {[%clk 1:27:58]} O-O {[%clk 1:26:40]} 10. e3
{[%clk 1:27:51]} Ne4 {[%clk 1:16:35]} 11. cxd5 {[%clk 1:04:53]} Nxc3
{[%clk 1:09:09]} 12. bxc3 {[%clk 1:05:11]} cxd5 {[%clk 1:09:12]} 13. g4
{[%clk 1:03:37]} Be4 {[%clk 1:09:18]} 14. Bxe4 {[%clk 1:03:35]} dxe4
{[%clk 1:09:42]} 15. Qc2 {[%clk 1:03:33]} Nxe5 {[%clk 1:08:52]} 16. fxe5
{[%clk 0:53:48]} Qd5 {[%clk 1:03:15]} 17. Rb1 {[%clk 0:33:32]} Rac8
{[%clk 0:59:58]} 18. Bd2 {[%clk 0:33:54]} b5 {[%clk 0:54:43]} 19. Qb3
{[%clk 0:31:22]} a6 {[%clk 0:49:18]} 20. Qxd5 {[%clk 0:11:52]} exd5
{[%clk 0:49:46]} 21. Kf2 {[%clk 0:10:06]} f6 {[%clk 0:44:52]} 22. exf6
{[%clk 0:09:51]} Rxf6+ {[%clk 0:45:11]} 23. Ke2 {[%clk 0:10:09]} Rcf8
{[%clk 0:44:24]} 24. Rxf6 {[%clk 0:08:21]} Rxf6 {[%clk 0:44:52]} 25. Rf1
{[%clk 0:04:51]} Kf7 {[%clk 0:42:03]} 26. Be1 {[%clk 0:04:10]} Bd6
{[%clk 0:39:39]} 27. h3 {[%clk 0:04:24]} Rxf1 {[%clk 0:34:26]} 28. Kxf1
{[%clk 0:04:51]} Ke6 {[%clk 0:34:30]} 29. Ke2 {[%clk 0:05:04]} Kd7
{[%clk 0:34:36]} 30. Kd1 {[%clk 0:05:26]} Kc6 {[%clk 0:33:31]} 31. Kc2
{[%clk 0:05:53]} a5 {[%clk 0:24:45]} 32. Bh4 {[%clk 0:04:33]} b4 {[%clk 0:23:30]}
33. Bd8 {[%clk 0:00:52]} Kb5 {[%clk 0:23:14]} 34. cxb4 {[%clk 0:00:58]} Kxb4
{[%clk 0:21:44]} 35. Bh4 {[%clk 0:00:38]} Ka3 {[%clk 0:20:48]} 36. Kb1
{[%clk 0:01:07]} Bb4 {[%clk 0:19:55]} 37. Bg3 {[%clk 0:01:26]} Be7
{[%clk 0:12:51]} 38. Be1 {[%clk 0:00:54]} Bb4 {[%clk 0:12:15]} 39. Bg3
{[%clk 0:01:16]} g5 {[%clk 0:09:34]} 40. Bf2 {[%clk 0:31:01]} Bd6
{[%clk 0:39:33]} 41. Be1 {[%clk 0:29:24]} Bb4 {[%clk 0:37:58]} 42. Bg3
{[%clk 0:29:02]} Bd2 {[%clk 0:37:26]} 43. Bf2 {[%clk 0:29:22]} a4
{[%clk 0:36:19]} 44. Ka1 {[%clk 0:26:20]} Kb4 {[%clk 0:28:29]} 45. Kb2
{[%clk 0:26:35]} Kc4 {[%clk 0:28:45]} 46. Kc2 {[%clk 0:26:50]} Bc3
{[%clk 0:28:04]} 47. Bg1 {[%clk 0:22:09]} a3 {[%clk 0:19:00]} 48. Bf2
{[%clk 0:20:34]} 1/2-1/2

[Event "World Chess Olympiad 2018"]
[Site "Batumi"]
[Date "2018.10.01"]
[Round "7"]
[Board "3"]
[WhiteFideId "11100516"]
[White "Blackman Justin"]
[BlackFideId "10101314"]
[Black "Silva David"]
[Result "1-0"]
[LiveChessVersion "1.4.8"]
[BlackElo "2223"]
[WhiteElo "2158"]

1. d4 {[%clk 1:30:57]} Nf6 {[%clk 1:30:01]} 2. c4 {[%clk 1:31:22]} g6
{[%clk 1:29:44]} 3. Nc3 {[%clk 1:31:46]} Bg7 {[%clk 1:30:05]} 4. e4
{[%clk 1:32:10]} d6 {[%clk 1:30:16]} 5. Nf3 {[%clk 1:32:31]} O-O {[%clk 1:30:38]}
6. Be2 {[%clk 1:32:58]} e5 {[%clk 1:30:38]} 7. O-O {[%clk 1:33:21]} Nc6
{[%clk 1:31:04]} 8. d5 {[%clk 1:33:46]} Ne7 {[%clk 1:31:30]} 9. Ne1
{[%clk 1:34:11]} Nd7 {[%clk 1:29:19]} 10. Be3 {[%clk 1:33:09]} f5
{[%clk 1:29:39]} 11. f3 {[%clk 1:33:32]} Nf6 {[%clk 1:29:54]} 12. Rc1
{[%clk 1:31:51]} c5 {[%clk 1:29:57]} 13. Nd3 {[%clk 1:31:57]} f4 {[%clk 1:30:06]}
14. Bf2 {[%clk 1:32:20]} g5 {[%clk 1:30:31]} 15. b4 {[%clk 1:25:21]} b6
{[%clk 1:30:54]} 16. Kh1 {[%clk 1:21:49]} Ng6 {[%clk 1:31:14]} 17. a4
{[%clk 1:18:49]} Rf7 {[%clk 1:30:21]} 18. a5 {[%clk 1:18:40]} Bf8
{[%clk 1:30:37]} 19. Ra1 {[%clk 1:17:58]} Bd7 {[%clk 1:29:08]} 20. Ra2
{[%clk 1:07:04]} h5 {[%clk 1:29:11]} 21. Rg1 {[%clk 1:06:51]} g4 {[%clk 1:29:14]}
22. g3 {[%clk 1:06:52]} Rg7 {[%clk 1:21:54]} 23. axb6 {[%clk 0:52:54]} axb6
{[%clk 1:22:11]} 24. Rxa8 {[%clk 0:53:19]} Qxa8 {[%clk 1:22:28]} 25. bxc5
{[%clk 0:53:42]} bxc5 {[%clk 1:22:46]} 26. gxf4 {[%clk 0:37:00]} exf4
{[%clk 1:22:09]} 27. e5 {[%clk 0:35:20]} Nxe5 {[%clk 1:20:11]} 28. Nxe5
{[%clk 0:33:00]} dxe5 {[%clk 1:20:28]} 29. Bh4 {[%clk 0:31:39]} Qa6
{[%clk 1:14:35]} 30. d6 {[%clk 0:17:48]} Nh7 {[%clk 1:09:07]} 31. Qd5+
{[%clk 0:14:21]} Kh8 {[%clk 1:05:15]} 32. Ne4 {[%clk 0:09:17]} Bc6
{[%clk 0:59:52]} 33. Qxe5 {[%clk 0:09:39]} Qa8 {[%clk 0:56:17]} 34. d7
{[%clk 0:06:58]} Bxd7 {[%clk 0:55:14]} 35. Bf6 {[%clk 0:07:12]} Bc6
{[%clk 0:55:03]} 36. Bxg7+ {[%clk 0:03:12]} Bxg7 {[%clk 0:55:19]} 37. Qxf4
{[%clk 0:03:13]} Bxe4 {[%clk 0:55:27]} 38. Qxe4 {[%clk 0:02:14]} Qxe4
{[%clk 0:55:51]} 39. fxe4 {[%clk 0:02:41]} Ng5 {[%clk 0:56:11]} 40. Rf1
{[%clk 0:32:07]} Nxe4 {[%clk 1:22:58]} 41. Rf5 {[%clk 0:31:34]} Bd4
{[%clk 1:23:14]} 42. Rxh5+ {[%clk 0:31:39]} Kg7 {[%clk 1:23:36]} 43. Bxg4
{[%clk 0:26:28]} Kg6 {[%clk 1:23:51]} 44. Be2 {[%clk 0:23:23]} Nc3
{[%clk 1:18:19]} 45. Bf3 {[%clk 0:21:51]} Ne4 {[%clk 1:18:25]} 46. Rd5
{[%clk 0:19:57]} Nf6 {[%clk 1:18:05]} 47. Rd8 {[%clk 0:18:47]} Kf5
{[%clk 1:18:22]} 48. Kg2 {[%clk 0:18:49]} Kf4 {[%clk 1:18:48]} 49. Ra8
{[%clk 0:15:37]} Ke3 {[%clk 1:19:03]} 50. Ra3+ {[%clk 0:16:03]} Kd2
{[%clk 1:19:26]} 51. Bd5 {[%clk 0:14:32]} Nxd5 {[%clk 1:15:23]} 52. cxd5
{[%clk 0:14:57]} Be5 {[%clk 1:15:46]} 53. Ra6 {[%clk 0:14:33]} c4
{[%clk 1:15:33]} 54. d6 {[%clk 0:14:46]} 1-0

[Event "World Chess Olympiad 2018"]
[Site "Batumi"]
[Date "2018.10.01"]
[Round "7"]
[Board "4"]
[WhiteFideId "10100253"]
[White "Domingos Catarino"]
[BlackFideId "11101660"]
[Black "Prescod Bryan"]
[Result "1-0"]
[LiveChessVersion "1.4.8"]
[BlackElo "2039"]
[WhiteElo "2246"]

1. e4 {[%clk 1:30:22]} d6 {[%clk 1:30:44]} 2. g3 {[%clk 1:30:16]} g6
{[%clk 1:30:17]} 3. Bg2 {[%clk 1:30:27]} Bg7 {[%clk 1:30:22]} 4. Nf3
{[%clk 1:30:12]} Nf6 {[%clk 1:29:50]} 5. Qe2 {[%clk 1:30:27]} O-O
{[%clk 1:28:31]} 6. O-O {[%clk 1:30:43]} c5 {[%clk 1:26:22]} 7. d3
{[%clk 1:30:51]} Nc6 {[%clk 1:25:00]} 8. c3 {[%clk 1:30:56]} e5 {[%clk 1:23:19]}
9. Nbd2 {[%clk 1:30:30]} Rb8 {[%clk 1:10:15]} 10. a3 {[%clk 1:23:23]} b5
{[%clk 1:03:42]} 11. Rd1 {[%clk 1:18:47]} Re8 {[%clk 0:59:13]} 12. b4
{[%clk 1:14:32]} Qe7 {[%clk 0:56:20]} 13. Bb2 {[%clk 1:12:15]} a5
{[%clk 0:49:53]} 14. Rdc1 {[%clk 0:54:30]} Bd7 {[%clk 0:46:05]} 15. bxa5
{[%clk 0:31:50]} Nxa5 {[%clk 0:45:12]} 16. Rab1 {[%clk 0:31:55]} Nc6
{[%clk 0:32:06]} 17. Ba1 {[%clk 0:28:09]} Ra8 {[%clk 0:20:03]} 18. Rxb5
{[%clk 0:27:12]} Rxa3 {[%clk 0:16:13]} 19. Rb7 {[%clk 0:23:50]} Ra2
{[%clk 0:15:49]} 20. Qd1 {[%clk 0:22:32]} Qd8 {[%clk 0:13:52]} 21. Rb2
{[%clk 0:16:19]} Ra7 {[%clk 0:13:30]} 22. Rbb1 {[%clk 0:15:59]} Qc7
{[%clk 0:11:42]} 23. Qc2 {[%clk 0:13:17]} Na5 {[%clk 0:04:06]} 24. d4
{[%clk 0:06:58]} c4 {[%clk 0:03:02]} 25. Rb4 {[%clk 0:04:57]} Rea8
{[%clk 0:01:57]} 26. Bb2 {[%clk 0:04:59]} Bh6 {[%clk 0:01:11]} 27. Ra1
{[%clk 0:02:29]} Rb8 {[%clk 0:00:56]} 28. Rxb8+ {[%clk 0:01:16]} Qxb8
{[%clk 0:01:25]} 29. Bf1 {[%clk 0:01:18]} Rb7 {[%clk 0:00:58]} 30. Rxa5
{[%clk 0:00:36]} Rxb2 {[%clk 0:01:18]} 31. Ra8 {[%clk 0:00:45]} Rxc2
{[%clk 0:01:22]} 32. Rxb8+ {[%clk 0:01:13]} Kg7 {[%clk 0:01:42]} 33. dxe5
{[%clk 0:00:58]} dxe5 {[%clk 0:01:33]} 34. Nxc4 {[%clk 0:00:52]} Nxe4
{[%clk 0:00:55]} 35. Ncxe5 {[%clk 0:00:44]} Be6 {[%clk 0:00:43]} 36. Nd4
{[%clk 0:00:38]} Rxc3 {[%clk 0:00:32]} 37. Nxe6+ {[%clk 0:00:57]} fxe6
{[%clk 0:00:59]} 38. Rb7+ {[%clk 0:01:06]} Kf6 {[%clk 0:00:38]} 39. f4
{[%clk 0:01:20]} Nd6 {[%clk 0:00:39]} 40. Ng4+ {[%clk 0:31:30]} Kf5
{[%clk 0:30:38]} 41. Nxh6+ {[%clk 0:31:55]} Ke4 {[%clk 0:31:03]} 42. Rb6
{[%clk 0:31:25]} 1-0

[Event "World Chess Olympiad 2018"]
[Site "Batumi"]
[Date "2018.10.01"]
[Round "7"]
[Board "1"]
[WhiteFideId "11700599"]
[White "Farazi Khaiber"]
[BlackFideId "2800020"]
[Black "Gruenfeld Yehuda"]
[Result "1/2-1/2"]
[LiveChessVersion "1.4.8"]
[BlackElo "2418"]
[WhiteElo "2064"]

1. d4 {[%clk 1:30:53]} Nf6 {[%clk 1:30:54]} 2. Bf4 {[%clk 1:31:17]} g6
{[%clk 1:30:28]} 3. e3 {[%clk 1:31:36]} Bg7 {[%clk 1:30:51]} 4. Nf3
{[%clk 1:31:14]} O-O {[%clk 1:30:54]} 5. h3 {[%clk 1:31:40]} c5 {[%clk 1:29:03]}
6. c3 {[%clk 1:32:01]} b6 {[%clk 1:28:24]} 7. Bd3 {[%clk 1:30:36]} Bb7
{[%clk 1:26:39]} 8. Nbd2 {[%clk 1:31:03]} d5 {[%clk 1:26:03]} 9. O-O
{[%clk 1:31:11]} Nbd7 {[%clk 1:26:07]} 10. Qe2 {[%clk 1:28:09]} Qc8
{[%clk 1:24:49]} 11. Ne5 {[%clk 1:21:38]} Nxe5 {[%clk 1:21:06]} 12. Bxe5
{[%clk 1:22:03]} a6 {[%clk 1:21:11]} 13. a4 {[%clk 1:22:03]} Qc6 {[%clk 1:21:19]}
14. Rfc1 {[%clk 1:20:48]} Rfc8 {[%clk 1:18:18]} 15. b3 {[%clk 1:11:37]} Bh6
{[%clk 1:16:46]} 16. Qf1 {[%clk 1:10:33]} Nd7 {[%clk 1:15:03]} 17. Bg3
{[%clk 1:10:17]} Qf6 {[%clk 1:12:38]} 18. Nf3 {[%clk 1:07:35]} e6
{[%clk 1:06:57]} 19. b4 {[%clk 1:06:58]} c4 {[%clk 1:05:23]} 20. Bc2
{[%clk 1:07:13]} Qe7 {[%clk 1:05:06]} 21. a5 {[%clk 1:06:49]} b5 {[%clk 1:05:05]}
22. Ne5 {[%clk 1:01:40]} Nxe5 {[%clk 1:05:00]} 23. dxe5 {[%clk 1:01:12]} f6
{[%clk 1:02:49]} 24. Qd1 {[%clk 1:01:17]} Bg7 {[%clk 1:02:34]} 25. Qd4
{[%clk 1:01:36]} Rf8 {[%clk 1:01:46]} 26. Rf1 {[%clk 1:00:55]} Rf7
{[%clk 1:01:40]} 27. Rad1 {[%clk 1:00:17]} Raf8 {[%clk 1:01:07]} 28. Rd2
{[%clk 0:57:00]} f5 {[%clk 0:58:05]} 29. f4 {[%clk 0:51:50]} Kh8 {[%clk 0:57:53]}
30. Bd1 {[%clk 0:49:16]} Rg8 {[%clk 0:55:38]} 31. Kh2 {[%clk 0:48:35]} Bf8
{[%clk 0:55:40]} 32. Be1 {[%clk 0:46:33]} h6 {[%clk 0:54:42]} 33. g3
{[%clk 0:45:40]} Qe8 {[%clk 0:53:09]} 34. Rg2 {[%clk 0:45:30]} Be7
{[%clk 0:53:25]} 35. Rfg1 {[%clk 0:45:32]} Rfg7 {[%clk 0:51:26]} 1/2-1/2

[Event "World Chess Olympiad 2018"]
[Site "Batumi"]
[Date "2018.10.01"]
[Round "7"]
[Board "2"]
[WhiteFideId "24149942"]
[White "Varezhkin Viktor"]
[BlackFideId "11700777"]
[Black "Amini Habibullah"]
[Result "0-1"]
[LiveChessVersion "1.4.8"]
[BlackElo "1988"]
[WhiteElo "2261"]

1. Nf3 {[%clk 1:30:56]} Nf6 {[%clk 1:30:09]} 2. g3 {[%clk 1:31:19]} b6
{[%clk 1:29:02]} 3. Bg2 {[%clk 1:31:43]} Bb7 {[%clk 1:29:23]} 4. O-O
{[%clk 1:32:03]} e6 {[%clk 1:28:13]} 5. c4 {[%clk 1:31:53]} Be7 {[%clk 1:28:27]}
6. d4 {[%clk 1:32:05]} O-O {[%clk 1:28:42]} 7. d5 {[%clk 1:32:20]} exd5
{[%clk 1:26:54]} 8. Nh4 {[%clk 1:32:39]} c6 {[%clk 1:21:54]} 9. cxd5
{[%clk 1:27:42]} Nxd5 {[%clk 1:22:22]} 10. Nf5 {[%clk 1:28:06]} Nf6
{[%clk 1:19:43]} 11. e4 {[%clk 1:27:12]} d5 {[%clk 1:18:28]} 12. e5
{[%clk 1:26:02]} Ne8 {[%clk 1:18:57]} 13. Qg4 {[%clk 1:25:14]} Kh8
{[%clk 1:18:40]} 14. Nc3 {[%clk 1:19:22]} Nd7 {[%clk 1:17:33]} 15. Re1
{[%clk 1:16:44]} Nc5 {[%clk 1:17:58]} 16. Nxe7 {[%clk 1:12:47]} Qxe7
{[%clk 1:18:26]} 17. Bg5 {[%clk 1:12:54]} Qc7 {[%clk 1:12:25]} 18. Rad1
{[%clk 1:08:20]} Ne6 {[%clk 1:04:38]} 19. Bc1 {[%clk 0:57:21]} g6
{[%clk 0:50:19]} 20. Bh6 {[%clk 0:51:56]} N8g7 {[%clk 0:50:43]} 21. f4
{[%clk 0:49:57]} Rfe8 {[%clk 0:51:08]} 22. h4 {[%clk 0:42:20]} Bc8
{[%clk 0:50:03]} 23. Qf3 {[%clk 0:37:27]} Nf5 {[%clk 0:50:08]} 24. Bg5
{[%clk 0:37:12]} Nxg5 {[%clk 0:50:05]} 25. hxg5 {[%clk 0:37:33]} h5
{[%clk 0:50:12]} 26. Kh2 {[%clk 0:35:56]} Be6 {[%clk 0:48:12]} 27. Qf2
{[%clk 0:31:13]} Rad8 {[%clk 0:48:09]} 28. Bf3 {[%clk 0:31:01]} Kg7
{[%clk 0:48:21]} 29. Rh1 {[%clk 0:30:53]} Qe7 {[%clk 0:47:35]} 30. a3
{[%clk 0:29:40]} Rh8 {[%clk 0:47:48]} 31. Kg2 {[%clk 0:29:36]} d4
{[%clk 0:38:30]} 32. Ne4 {[%clk 0:29:59]} Ne3+ {[%clk 0:38:50]} 33. Kh2
{[%clk 0:30:23]} Bd5 {[%clk 0:32:13]} 34. Rxd4 {[%clk 0:21:19]} Ng4+
{[%clk 0:32:28]} 35. Bxg4 {[%clk 0:21:43]} hxg4+ {[%clk 0:32:50]} 36. Kg2
{[%clk 0:19:18]} Rxh1 {[%clk 0:33:18]} 37. Kxh1 {[%clk 0:19:02]} Qc5
{[%clk 0:33:39]} 38. Kg1 {[%clk 0:19:07]} Qc1+ {[%clk 0:31:26]} 39. Qf1
{[%clk 0:15:20]} Qxb2 {[%clk 0:31:53]} 40. Rd2 {[%clk 0:43:43]} Qxa3
{[%clk 1:02:22]} 41. Rd3 {[%clk 0:39:59]} Qb2 {[%clk 1:01:38]} 42. Rd2
{[%clk 0:36:51]} Qb4 {[%clk 1:01:24]} 43. Qd3 {[%clk 0:36:40]} Rh8
{[%clk 0:59:23]} 44. Nf2 {[%clk 0:36:49]} Be6 {[%clk 0:59:04]} 45. Qe2
{[%clk 0:26:47]} a5 {[%clk 0:57:22]} 46. Rd6 {[%clk 0:21:47]} Qc5
{[%clk 0:54:33]} 47. Qd2 {[%clk 0:16:47]} Re8 {[%clk 0:48:20]} 48. Kh2
{[%clk 0:11:43]} a4 {[%clk 0:47:34]} 49. Rxe6 {[%clk 0:10:17]} Rxe6
{[%clk 0:44:38]} 50. Nxg4 {[%clk 0:10:36]} Qd5 {[%clk 0:42:27]} 51. Qf2
{[%clk 0:07:04]} a3 {[%clk 0:35:07]} 52. f5 {[%clk 0:04:33]} gxf5
{[%clk 0:35:16]} 53. Qxf5 {[%clk 0:04:54]} a2 {[%clk 0:30:53]} 54. Nf6
{[%clk 0:04:47]} Qxe5 {[%clk 0:24:19]} 55. Qh7+ {[%clk 0:04:57]} Kf8
{[%clk 0:24:48]} 56. Nd7+ {[%clk 0:04:39]} Ke7 {[%clk 0:25:17]} 57. Nxe5
{[%clk 0:04:36]} Rxe5 {[%clk 0:25:08]} 58. g6 {[%clk 0:04:50]} a1=Q
{[%clk 0:25:32]} 59. Qxf7+ {[%clk 0:04:56]} Kd6 {[%clk 0:25:16]} 60. Qf4
{[%clk 0:01:37]} Qa2+ 0-1